Zákon o sociálnych službách
S účinnosťou od 1. marca 2011 bol prijatý zákon č. 551/2010 Z. z., ktorým sa mení a dopĺňa zákon č. 448/2008 Z. z. o sociálnych službách o zmene a doplnení zákona č. 455/1991 Zb. o živnostenskom podnikaní (živnostenský zákon) v z.n.p. a ktorým sa mení zákon č. 447/2008 Z. z. o peňažných príspevkoch...
Salvato in:
| Autore principale: | |
|---|---|
| Natura: | Capitolo di libro |
| Lingua: | slovacco |
| Soggetti: | |
| Tags: |
Nessun Tag, puoi essere il primo ad aggiungerne!!
|
MARC
| LEADER | 00000naa a2200000 4500 | ||
|---|---|---|---|
| 001 | 0128076 | ||
| 005 | 20231120115109.4 | ||
| 041 | 0 | |a slo | |
| 044 | |a SK | ||
| 245 | 1 | 0 | |a Zákon o sociálnych službách |c Peter Čintala |
| 520 | |a S účinnosťou od 1. marca 2011 bol prijatý zákon č. 551/2010 Z. z., ktorým sa mení a dopĺňa zákon č. 448/2008 Z. z. o sociálnych službách o zmene a doplnení zákona č. 455/1991 Zb. o živnostenskom podnikaní (živnostenský zákon) v z.n.p. a ktorým sa mení zákon č. 447/2008 Z. z. o peňažných príspevkoch na kompenzáciu ťažkého zdravotného postihnutia a o zmene a doplnení niektorých zákonov. | ||
| 610 | 2 | 0 | |a práca sociálna |
| 610 | 2 | 0 | |a služby sociálne |
| 610 | 2 | 0 | |a zabezpečenie sociálne |
| 610 | 2 | 0 | |a potreby sociálne |
| 610 | 2 | 0 | |a odkázanosť sociálna |
| 610 | 2 | 0 | |a príspevky sociálne |
| 610 | 2 | 0 | |a diferenciácia sociálna |
| 610 | 2 | 0 | |a zákony |
| 610 | 2 | 0 | |a novelizácia |
| 100 | 1 | |a Čintala, Peter | |